Normal view
MARC view
- Dr. Ejaz Hussain,
Entry Personal Name
001 - CONTROL NUMBER
- control field: 19330
003 - CONTROL NUMBER IDENTIFIER
- control field: NUST
005 - DATE AND TIME OF LATEST TRANSACTION
- control field: 20190819051214.0
008 - FIXED-LENGTH DATA ELEMENTS
- fixed length control field: 190819|| aca||aabn | a|a d
040 ## - CATALOGING SOURCE
- Original cataloging agency: NUST
- Transcribing agency: NUST
100 ## - HEADING--PERSONAL NAME
- Personal name: Dr. Ejaz Hussain,
670 ## - SOURCE DATA FOUND
- Source citation: Work cat.: (NUST): Ismaeel, Ali 19329, Estimation of groundwater recharge using Swat Hydro logic model , 2013.
